000 00605cam a22002293a 4500
001 31208
003 PGUSA
005 20140828083656.0
008 100207s2010||||xxu|||||s|||||000 1 eng d
040 _aPGUSA
_beng
042 _adc
100 1 _aLewis, Mike
245 1 0 _aCollectivum
_h[electronic resource] /
_cMike Lewis
260 _bProject Gutenberg,
_c2010
506 _aPublic domain in the USA.
516 _aElectronic text
653 _aShort stories
653 _aScience fiction
830 0 _aProject Gutenberg
_v31208
856 4 0 _uhttp://www.gutenberg.org/ebooks/31208
942 _cEB
999 _c260463
_d260463